| 000 | 00464nam a22001937a 4500 | ||
|---|---|---|---|
| 003 | MPLRDC | ||
| 005 | 20220104162651.0 | ||
| 008 | 210129b ||||| |||| 00| 0 eng d | ||
| 020 | _a1-85152-490-8 | ||
| 082 | _a873.57 WOO | ||
| 100 | _aVIRGINIA WOOLF | ||
| 245 |
_aVIRGINIA WOOLF _c |
||
| 250 | _a1ST ED. | ||
| 260 |
_aENGLAND _bCHANCELLOR PRESS _c1994 |
||
| 300 | _b434 | ||
| 490 | _aGREAT CLASSIC LIBRARY | ||
| 650 | _aFICTION | ||
| 942 |
_cBK _o873.57 WOO |
||
| 999 |
_c56081 _d56071 |
||